000 00896nam a2200301Ia 4500
003 OSt
005 20220912144709.0
006 a|||||r|||| 00| 0
007 ta
008 220909b |||||||| |||| 00| 0 eng d
020 _a9781439806241 (hbk)
020 _aSL01558839
024 _a186721
037 _b1077, 21/08/2012, Total Books India
037 _cTextual
040 _aCSL
_beng
_cCSL
041 _aeng
082 _aB28, Q2 TB
100 _aTang Wan; He Hua; Tu Xin M
245 0 _aApplied categorical and count data analysis
260 _aSuite
_bCRC
_c2012
300 _axx,363p.
490 _aTexts in statistical science
500 _aReferences 347-358p.; Index 359-363p.
700 _aTang Wan; He Hua; Tu Xin M
942 _hB28, Q2 TB
_cTEXL
_2CC
999 _c16118
_d16118